[Event "Tuebingen-ch 55th"]
[Site "Tuebingen"]
[Date "1996.??.??"]
[Round "?"]
[White "Khadempour, Farhad"]
[Black "Fuchs, Niko"]
[Result "0-1"]
[WhiteElo "2150"]
[BlackElo "1975"]
[PlyCount "98"]
[EventDate "1996.??.??"]
[EventType "swiss"]
[EventRounds "9"]
[EventCountry "GER"]
[SourceTitle "EXT 1999"]
[Source "ChessBase"]
[SourceDate "1998.11.16"]
[SourceVersion "1"]
[SourceVersionDate "1998.11.16"]
[SourceQuality "1"]

1. c4 f5 2. Nc3 Nf6 3. Nf3 e6 4. g3 d5 5. d4 c6 6. b3 Ne4 7. Nxe4 fxe4 8. Ne5 Nd7 9. f4 exf3 10. Nxf3 Bd6 11. Bg2 0-0 12. 0-0 Nf6 13. Bf4 Ng4 14. Qd2 Bxf4 15. gxf4 Bd7 16. e4 Be8 17. Ng5 Bf7 18. Bh3 h5 19. Bxg4 hxg4 20. Qd3 Qf6 21. e5 Bg6 22. exf6 Bxd3 23. fxg7 Rf6 24. Rfe1 dxc4 25. Nxe6 Re8 26. Nc5 Rxe1+ 27. Rxe1 Kxg7 28. Re7+ Rf7 29. Rxf7+ Kxf7 30. bxc4 Bxc4 31. Nxb7 Bxa2 32. Kf2 Ke6 33. Ke3 Bb1 34. Nc5+ Kd5 35. Nd7 a5 36. Nf6+ Kc4 37. Nxg4 a4 38. Ne5+ Kc3 39. Nxc6 a3 40. d5 a2 41. d6 Bf5 42. Nd4 Bd7 43. Ne2+ Kb2 44. Ke4 a1Q 45. Nd4 Kc3 46. Ke5 Kc4 47. Kf6 Qxd4+ 48. Ke7 Qg7+ 49. Kd8 Kc5 0-1